Vista normal Vista MARC

Entrada Topical Term

Número de registros utilizados en: 1

001 - CONTROL NUMBER

  • control field: 59911

003 - CONTROL NUMBER IDENTIFIER

  • control field: OSt

005 - DATE AND TIME OF LATEST TRANSACTION

  • control field: 20250605145730.0

008 - FIXED-LENGTH DATA ELEMENTS

  • fixed length control field: 250605|| aca||aabn | a|a d

040 ## - CATALOGING SOURCE

  • Original cataloging agency: OSt
  • Transcribing agency: OSt

150 ## - HEADING--TOPICAL TERM

  • Topical term or geographic name entry element: Alimentos naturales
  • General subdivision: Uso terapéutico
  • Form subdivision: Manuales

670 ## - SOURCE DATA FOUND

  • Source citation: Work cat.: (OSt)57210: Morales, Albert Ronald autor 30369, Nutrición y calidad de vida









Instituto Departamental de Cultura del Meta - Red Departamental de Bibliotecas Públicas del Meta.